Pokemon de type plante (alphabet) - Statistiques

Statistiques générales
  • Ce quiz a été pris 102 fois
    20 depuis la dernière actualisation
  • Le résultat moyen est 17 sur 20
Statistiques - réponses
Lettres Pokemon % Correct
B Badabouin / Balignon / Banshitrouye / Blancoton / (Méga-) Blindépique / (Méga-) Blizzaroi / Blizzi / Boguérisse /Boskara / Bouldeneu / Boustiflor / Brindibou / Brocélôme / Bulbizarre
100%
F Farfaduvet / Feuillajou / Feuilloutan / Floramantis / Floravol / (Méga-) Florizarre / Fongus-Furie / Fragilady (d'Hisui)
100%
C Cabriolaine / Cacnea / Cacturne / Candine / Celebi / Ceribou / Ceriflor / Chapignon / Cheniselle (cape plante) / Chetiflor / Chevroum / Chlorobule / Chongjian / Cotovol / Couverdure / Croquine
94%
T Tengalice / Terracool / Terracruel / Théffroyable / Tokotoro / Torterra / Tortipouss / Tournegrin / Tournicoton / Trompignon / Tropius
94%
H Haydaim / Héliatronc / Herbizarre
89%
J Joliflor / (Méga-) Jungko
89%
M Macronium / Majaspic / Manternel / Maracachi / Marisson / Massko / Matourgeon / (Méga-) Méganium / Miascarade / Mimantis / Mystherbe / Motisma-tonte
89%
N Nénupiot / Noacier / Noadkoko (d'Alola) / Noeunoeuf
89%
P Paras / Parasect / Phyllali / Pifeuil / Pimito / Pitrouille / Polchageist / Pomdorochi / Pomdrapi / Pomdramour / Poussacha
89%
V Vacilys / Verpom / Vert-de-fer / Vipélierre / Virevorreur / Viridium / Virovent / Vivaldaim / Votorbe de Hisui / Vortente
89%
A Arboliva / Archeduc (d'Hisui) / Arcko
83%
G Gaulet / Germignon / Gorythmic / Grainipiot / Granivol / Grindur
83%
L Lampignon / Larveyette / Lianaja / Lilia / Lombre / Ludicolo
83%
O Ogerpon / Olivini / Olivado / Ortide / Ouistempo
83%
S Saquedeneu / (Méga-) Scovilain / Shaymin / Sinistrail / Spododo / Sucreine / Sylveroy
83%
Z Zarude
83%
E Efflèche / Electrode d'Hisui / Empiflor
78%
D Desseliande / Doudouvet / Dratatin
72%
R Rafflesia / Rosélia / Roserade / Rozbouton
72%
K Katagami
44%
Aucun quiz correspondant
Distribution des résultats
% des personnes avec chaque résultat
Percentile par nombre de réponses
Votre historique - résultats
Vous n’avez pas pris ce quiz depuis la dernière actualisation